[Event "Bermuda-B"]
[Site "Bermuda"]
[Date "2002.01.29"]
[Round "8"]
[White "Berg, Emanuel"]
[Black "Kallio, Heikki"]
[Result "1-0"]
[WhiteElo "2500"]
[BlackElo "2522"]
[Annotator "Finkel,A"]
[PlyCount "89"]
[EventDate "2002.01.21"]
[EventType "tourn"]
[EventRounds "9"]
[EventCountry "BER"]
[EventCategory "8"]
[SourceTitle "CBM 088"]
[Source "ChessBase"]
[SourceDate "2002.03.21"]
[SourceVersion "1"]
[SourceVersionDate "2002.03.21"]
[SourceQuality "1"]

1. e4 Nf6 2. e5 Nd5 3. d4 d6 4. c4 Nb6 5. exd6 cxd6 6. Nc3 g6 7. Bg5 $5 {
Interesting move aiming to put somee pressure on e7.In some variations it
could be crucial.} Bg7 8. Rc1 (8. h3 $5 O-O 9. Nf3 h6 10. Be3 Nc6 11. Rc1 e5
12. dxe5 dxe5 13. Qxd8 Rxd8 14. c5 Nd5 15. Nxd5 Rxd5 16. Bc4 $14 {Kaminski,
M-Baburin,A/Cappelle la Grande 1993/TD}) 8... O-O (8... Nc6 9. d5 Ne5 10. Be2 (
10. h3 O-O 11. b3 h6 12. Be3 f5 13. Qd2 Nf7 14. Nge2 g5 15. f4 $14 {Erenska,
H-Safranska,A/Copenhagen 1991/EXT 2000}) 10... O-O 11. b3 a5 12. Nf3 Nbd7 13.
Nd4 Nc5 14. Be3 f5 15. Qd2 $16 {Petrosian,T-Dreyer,M/Tel Aviv/1964/1|0/33/}) 9.
Qd2 (9. Be2 h6 10. Be3 d5 (10... e5 11. Nf3 Nc6 12. O-O Bg4 13. dxe5 dxe5 14.
Qb3 Bxf3 15. Bxf3 Nd4 16. Bxd4 exd4 17. Nb5 $14 {Kaminski,M-Gralka,J/
Lubniewice 1994/CBM 45 ext}) 11. c5 Nc4 12. Bxc4 dxc4 13. Nge2 Nc6 (13... Bf5
14. Qd2 Kh7 15. O-O Nc6 16. Rfd1 Bd3 17. Nf4 Nxd4 18. Nxd3 cxd3 19. Qxd3 e5 20.
Ne4 $14) 14. Qa4 Na5 15. O-O b6 $13 {Kaminski,M-Kveinys,A/Lubniewice 1995/EXT
97}) (9. b3 Nc6 10. d5 Ne5 11. Be2 h6 12. Be3 a5 13. Nb5 a4 14. Nf3 Nxf3+ 15.
Bxf3 $14 {Erenska,H-Zielinska,J/Lubniewice 1995/EXT 97}) (9. Nf3 Bg4 10. Be2
Nc6 11. d5 Bxf3 12. Bxf3 Ne5 13. b3 Nxf3+ 14. Qxf3 Nd7 15. O-O a6 16. Rfe1 $14
{Dussol,P-Chiche,J/St Quentin 1999/EXT 2000}) 9... Nc6 10. d5 Ne5 11. b3 f6 12.
Be3 e6 13. Be2 (13. dxe6 Bxe6 14. Nge2 Re8 15. h3 $14 {[%cal Ge2f4,Gf1e2,Ge1g1]
}) 13... Re8 14. h3 $6 {permitting black to take on d5, and to equalize.} (14.
dxe6) 14... exd5 15. cxd5 Bd7 16. Nf3 Nxf3+ 17. Bxf3 Bh6 $11 18. O-O Bxe3 19.
fxe3 {[%csl Re3]} Qe7 20. a4 $5 a5 (20... Rac8 21. a5 Na8 22. Qd4 Qxe3+ 23.
Qxe3 Rxe3 24. Ne4 Rxc1 25. Rxc1 Kg7 26. Nxd6 Rxb3 27. Re1 $14 {[%cal Ge1e7]}
Kf8 $140 28. Ne4 {[%cal Ge4f6,Ge4c5]}) 21. Qd4 Qxe3+ 22. Qxe3 Rxe3 23. Ne4 {
[%cal Ge4f6,Ge4d6]} Nxd5 $5 ({Deserved attention also} 23... f5 $5 24. Nf6+ (
24. Nxd6 Rxb3 25. Rc7 Bxa4 26. Re1 Bd7 27. Re7 a4 $1 $17 {[%cal Ga4a1]}) 24...
Kf7 25. Nxd7 Nxd7 26. Rc7 Re7 27. Rxb7 Nc5 28. Rb6 Ra6 $1 $132 {with unclear
position.}) 24. Rfd1 f5 25. Ng5 Nc3 26. Rxd6 Rxf3 {[%cal Gc3e2]} 27. Rc2 $5 {
[%csl Ge2] The best try!} (27. gxf3 Ne2+ 28. Kf2 Nxc1 29. Rxd7 Nxb3 30. Nxh7
Ra6 $1 $15) 27... Re3 28. Rxd7 $36 {[%csl Rb7,Rh7]} Rc8 $5 29. Nxh7 Ne2+ 30.
Kf2 Rxc2 31. Kxe3 Nc1 32. Kf4 Nxb3 $2 {This move proves to be the decisive
mistake. After} (32... Rxg2 33. Ke5 (33. Rxb7 Nd3+ 34. Ke3 Rg3+ 35. Kd4 Rxh3
$13) 33... Nxb3 34. Kf6 Nc5 $13 {Black is out of danger.}) 33. Kg5 $1 Nc5 34.
Re7 Ne6+ 35. Kh6 $18 Rc6 36. Rxb7 g5 {Forcing a lost endgame, however there
was no other choice.} (36... Rc7 37. Rxc7 Nxc7 38. Kxg6 Ne6 39. Nf6+ Kh8 40.
Nd5 Nc5 41. Nb6 $18) 37. Rb8+ Nf8+ 38. Kxg5 Kxh7 39. Rxf8 Rg6+ 40. Kh5 Rh6+ 41.
Kg5 Rg6+ 42. Kf4 Rxg2 43. Rxf5 Rf2+ 44. Kg5 Rg2+ 45. Kh5 1-0

[Event "Steinitz Memorial-A 1st"]
[Site "Prague"]
[Date "2000.12.26"]
[Round "1"]
[White "Chernyshov, Konstantin"]
[Black "Santo Roman, Marc"]
[Result "1-0"]
[WhiteElo "2536"]
[BlackElo "2418"]
[Annotator "Finkel,A"]
[PlyCount "59"]
[EventDate "2000.12.26"]
[EventType "tourn"]
[EventRounds "9"]
[EventCountry "CZE"]
[EventCategory "8"]
[SourceTitle "CBM 081"]
[Source "ChessBase"]
[SourceDate "2001.03.20"]
[SourceVersion "1"]
[SourceVersionDate "2001.03.20"]
[SourceQuality "1"]

{[%mdl 160]} 1. e4 Nf6 2. e5 Nd5 3. c4 Nb6 4. d4 d6 5. exd6 cxd6 $6 6. Nc3 g6
7. Be3 Bg7 8. Rc1 O-O 9. b3 Nc6 10. d5 $1 Ne5 11. Be2 a5 {In this position
black has tried different moves, but still didn't come up with variation which
leads to equality.} (11... Re8 12. Nf3 (12. Bd4 $5 Bf5 13. f4 Nd3+ $8 14. Bxd3
Bxd4 15. Bxf5 Bxg1 16. Rxg1 gxf5 17. Kf1 $16 {[%cal Gg1g7,Gd1h5] Howell,
J-Pottinger,H/Liechtenstein op 1994 (25)} h5) 12... e6 (12... Ng4 $5 {Finkel,A}
13. Bd4 (13. Bf4 e5 14. dxe6 Bxe6 15. h3 Ne5 16. Nd4 $14) 13... Bh6 14. Ra1 Nd7
15. O-O Nge5 16. Ne1 Nf8 17. Nc2 f5 18. f4 $14 {Vrenegoor,T-Solozhenkin,E/Ch
Paris open, IV-V 1995 (30)}) 13. dxe6 Bxe6 14. O-O d5 $5 15. Bxb6 Qxb6 16. cxd5
Rad8 17. Nxe5 Bxe5 {[%cal Gd8d1]} 18. Bc4 Bf5 19. Qf3 $14 {Degraeve,J-Santo
Roman,M/FRA-ch 1997} (19. Qd2 $5 {Finkel,A} a6 20. a4 Qd6 21. g3 h5 22. Rfe1 h4
23. Re3 hxg3 24. hxg3 $14 {Kuczynski,R-Nokka,R/Nordic-chT Pohja 1985/MCL 04 
(29)})) 12. f4 Ned7 13. Nf3 Nc5 14. Nd4 (14. O-O e6 (14... Re8) 15. dxe6 Bxe6
16. Nb5 $16 {[%csl Rd6]}) 14... Re8 15. O-O e5 16. Ndb5 $6 {Not the best
decision. Much more logical was} (16. dxe6 $5 Bxe6 17. Qd2 (17. Ndb5 $2 Bxc4 $1
) 17... a4 18. Nxe6 Rxe6 19. b4 Bxc3 20. Qxc3 Qe8 21. Rf3 Ne4 22. Qd3 $14) (16.
fxe5 Bxe5 17. Qd2 $14) 16... Bf5 17. g4 $5 Bc8 18. f5 e4 $1 {Not permitting
white to put a knight on e4 which whould increase significiently white's
pressure.} (18... gxf5 19. gxf5 Qe7 20. Bxc5 dxc5 21. Ne4 $16 {[%csl Rc8,Rg7]})
19. Bd4 Be5 (19... Bxd4+ $5 20. Nxd4 (20. Qxd4 $5 gxf5 (20... Re5 $2 21. Nxd6
Qxd6 22. Nb5 Qe7 23. f6 Qe8 24. Qxc5 $18) 21. gxf5 Re5 22. f6 (22. Nxd6 $2 Qxd6
23. Nb5 Qe7 24. f6 Rg5+ $17) 22... Bf5 $132) 20... e3 21. f6 Nbd7 22. g5 $14)
20. f6 Nbd7 21. g5 h6 22. Qd2 (22. h4 $1 $14) 22... Nf8 $5 (22... hxg5 23. Qxg5
Bxd4+ 24. Nxd4 Re5 25. Qh4 e3 $132) 23. Bxc5 $5 dxc5 24. Nxe4 Bxh2+ $6 {
A possible continuation, but more in the spirit of the position was} (24... Bf5
25. Bd3 (25. Ng3 Bxg3 26. hxg3 hxg5 27. Qxg5 Nh7 28. Qd2 Nxf6 $13) 25... Bxe4
26. Bxe4 hxg5 27. Qxg5 Nh7 $132) 25. Kxh2 Rxe4 26. Bf3 Re5 (26... Rh4+ 27. Kg1
hxg5 28. Qxg5 Rh3 $13) 27. Rce1 $1 $36 Rxg5 (27... Rxe1 28. Rxe1 hxg5 29. Re7
Nh7 30. Qc3 Ra6 31. Qe5 $1 Nxf6 32. d6 $18) 28. Re7 $1 Rf5 $5 (28... Ra6 $13)
29. Qxh6 Rxf6 30. Re4 $13 {[%csl Rg8][%cal Ge4h4]} (30. Re4 Rf5 $1 31. Rh4 Qf6
$1 32. Nc7 Rb8 33. Ne8 $1 Qe5+ 34. Kh1 Bd7 35. Nd6 $1 $40) 1-0

[Event "Olympiad-34"]
[Site "Istanbul"]
[Date "2000.11.06"]
[Round "9.1"]
[White "Al Modiahki, Mohamad"]
[Black "Baburin, Alexander"]
[Result "1-0"]
[WhiteElo "2499"]
[BlackElo "2590"]
[Annotator "Finkel,A"]
[PlyCount "91"]
[EventDate "2000.10.28"]
[EventType "team-swiss"]
[EventRounds "14"]
[EventCountry "TUR"]
[SourceTitle "EXT 2001"]
[Source "ChessBase"]
[SourceDate "2000.11.22"]
[SourceVersion "1"]
[SourceVersionDate "2000.11.22"]
[SourceQuality "1"]
[WhiteTeam "Qatar"]
[BlackTeam "Ireland"]
[WhiteTeamCountry "QAT"]
[BlackTeamCountry "IRL"]

1. e4 Nf6 2. e5 Nd5 3. d4 d6 4. c4 Nb6 5. exd6 exd6 6. Be3 Be7 7. Bd3 Nc6 8.
Nf3 {Permitting black to equalize without any problems that's why 8.Nc3 may be
recommended instead.} (8. Nc3 O-O 9. b3 Re8 10. Qd2 Bf6 11. Nge2 Bg4 12. O-O d5
13. c5 Nc8 14. h3 Bxe2 15. Nxe2 N6e7 16. b4 a6 {1/2-1/2 Dimitrov,V-Nogueiras,J/
Terrassa op 1996}) (8. Nd2 Bf6 9. Ne2 Qe7 10. Ne4 Bg4 11. Nxf6+ Qxf6 12. O-O
O-O 13. Qd2 h6 14. Ng3 $14 {Gardner,R-Newton,G/Canadian Open 2000}) 8... Nb4 (
8... Bg4 9. h3 Bh5 10. Nbd2 O-O 11. a3 Bf6 12. Qc2 Bg6 13. O-O-O Ne7 14. g4 $36
{Castro,C-Zamora,H/PER-chJ U20 1996}) 9. Be2 Bf5 10. Na3 d5 (10... O-O 11. O-O
Bf6 12. Qb3 a5 13. Rac1 Re8 14. Rfe1 (14. Nb5 $5) 14... Bd7 {[%cal Gd7a4]} 15.
Nb5 d5 16. a3 dxc4 $15 {Torrado Quintela,J-Miles,A/Summer Festival Open 2000})
11. c5 Nd7 12. O-O (12. Qb3 a5 13. O-O O-O 14. Rfc1 c6 15. Nb1 b5 16. a4 bxa4
17. Qxa4 Qc7 18. Ra3 Bf6 19. Qd1 Rfe8 $15 {Zapata,A-Miles,A/Yopal 1997}) 12...
O-O 13. Qb3 a5 14. Rac1 b6 15. Nb5 $5 {Starting complications, which turn out
to lead to equality.} (15. cxb6 $5 cxb6 $1 $11 (15... Nxb6 $6 16. Bf4 Rc8 17.
Nb5 (17. Ne5 c5 18. dxc5 Bxc5 $132) 17... c5 (17... c6 18. Na7 {[%cal Ga7c8,
Ga7c6]}) 18. dxc5 Bxc5 19. a3 Bc2 20. Rxc2 Nxc2 21. Rc1 $1 $14 {[%csl Rc2]}))
15... c6 16. Nd6 Bxd6 17. cxd6 c5 18. dxc5 (18. Ne5 c4 (18... cxd4 $1 19. Bxd4
Nc5 20. Qf3 (20. Bxc5 $2 bxc5 21. Rxc5 Qxd6 $17) 20... Be4 21. Qg4 Ne6 $15) 19.
Qa4 Nxe5 20. dxe5 Bd3 21. Rfe1 Bxe2 22. Rxe2 Nd3 23. Rd1 $13) 18... bxc5 19.
Bxc5 $5 {Interesting idea:white sacrifices his queen for rook,bishop and pawn}
(19. a3 c4 20. Qa4 Bd3 $1 21. Rfe1 Bxe2 22. Rxe2 Nd3 23. Rd1 $13 {[%cal Gb2b3]}
) 19... Bc2 20. Qc3 $1 (20. Rxc2 Nxc2 21. Qxc2 Rc8 $15 {[%cal Gc8c2]}) (20. Qa3
Nxc5 21. Rxc2 Nxc2 (21... Qxd6 $5) 22. Qxc5 Rc8 23. Qxd5 Nb4 24. Qd4 Nxa2 $13)
20... Rc8 21. Bxb4 Rxc3 22. Bxc3 Be4 $13 23. Bd4 (23. Rfd1 $1 Nf6 24. Be5 Re8
25. Bg3 Nh5 26. Bb5 $1 $14) 23... Nf6 24. Rc6 Nh5 25. g3 Qd7 26. Ne5 {With
this move white shows that he has nothing against a draw.} (26. Rfc1 Qg4 $1 27.
h3 $8 Qxh3 28. Bf1 Qf5 29. Nd2 $13) 26... Qh3 27. f3 (27. Bf3 $2 Nf4 $1 28.
gxf4 (28. Bxe4 Ne2+ 29. Kh1 Qxf1#) 28... Bxf3 29. Nxf3 Qg4+ 30. Kh1 Qxf3+ 31.
Kg1 Qg4+ 32. Kh1 Qxf4 $17) 27... Nxg3 28. hxg3 Qxg3+ 29. Kh1 Qh3+ 30. Kg1 Qg3+
31. Kh1 Bf5 $2 {Miscalculation, which costs black a game.} (31... Qh3+ $11) 32.
Ng4 Qh4+ 33. Kg2 h5 34. Bf6 $1 {This nice move was probably missed by black.} (
34. Rh1 $6 Qg5 35. Bf6 Qd2 $1 $17 {[%csl Re2,Rg4]}) 34... gxf6 35. Rh1 Qg5 $2 (
{The only chanse to save the game was} 35... Qxh1+ $8 36. Kxh1 hxg4 37. fxg4
Be6 38. Kg1 $16) 36. Rxh5 $1 Qd2 (36... Qxh5 37. Nxf6+ $18 {[%cal Gf6g8,Gf6h5]}
) 37. Nh6+ Kg7 38. Nxf5+ Kg6 39. Ng3 $18 {[%cal Gg3e2,Gg3h5]} Re8 40. Kf1 d4 $2
(40... Rxe2 $1 41. Nxe2 d4 $1 (41... Kxh5 42. d7 $18 {[%cal Gd7d8]}) 42. Rd5 $2
(42. d7 d3 43. Nd4 $1 (43. Nc1 Qd1+ 44. Kf2 Qd2+ 45. Kg3 Qe1+ 46. Kf4 d2 $1 $11
) (43. Rxf6+ Kxh5 44. Nf4+ Kh4 45. d8=Q Qd1+ 46. Kg2 Qd2+ 47. Kh1 Qe1+ $11)
43... Qd1+ 44. Kg2 Qd2+ 45. Kh3 $18) 42... d3 (42... Qd3 43. d7 Qxf3+ 44. Ke1
Qh1+ 45. Kd2 Qh6+ 46. Kc2 $18) 43. Ng3 Qd1+ 44. Kg2 Qd2+ 45. Kh3 Qh6+ 46. Rh5 (
46. Nh5 d2 47. Kg2 Qxh5) 46... Qxh5+ 47. Nxh5 d2 $13) 41. d7 Rxe2 42. Rxf6+ $1
Kg7 (42... Kxf6 43. d8=Q+ Ke6 44. Nxe2 $18) 43. Nf5+ $1 {Finishing the game in
style.} Kxf6 44. d8=Q+ Kg6 45. Qg8+ Kf6 46. Qg7+ 1-0

[Event "Steinitz Memorial-A 1st"]
[Site "Prague"]
[Date "2000.12.26"]
[Round "1"]
[White "Vokac, Marek"]
[Black "Pribyl, Josef"]
[Result "1-0"]
[WhiteElo "2523"]
[BlackElo "2376"]
[Annotator "Finkel,A"]
[PlyCount "83"]
[EventDate "2000.12.26"]
[EventType "tourn"]
[EventRounds "9"]
[EventCountry "CZE"]
[EventCategory "8"]
[SourceTitle "CBM 081"]
[Source "ChessBase"]
[SourceDate "2001.03.20"]
[SourceVersion "1"]
[SourceVersionDate "2001.03.20"]
[SourceQuality "1"]

{[%mdl 4128]} 1. e4 Nf6 2. e5 Nd5 3. d4 d6 4. c4 Nb6 5. exd6 exd6 6. Nc3 Be7 7.
Be3 O-O 8. Nf3 Bf5 (8... Bg4 9. Be2 Nc6 10. d5 Bxf3 11. gxf3 $1 Ne5 12. b3 Re8
13. O-O $14 {Velicka,P-Kohtz,A/Komercni Banka op 1996}) (8... Re8 9. Be2 Bf6
10. Rc1 Nc6 11. O-O Bg4 12. b3 d5 13. c5 Nc8 14. h3 $14 {Krajina,A-Sergeev,V/
CZE-chT 9697}) 9. d5 $5 {I think that this set-up doesn't promise white
anything - with accurate play black easily equalizes in all variations. Not an
exeption is the move in the game.} (9. Be2 Bf6 10. O-O Nc6 11. Rc1 Ne7 (11...
Re8 12. a3 h6 13. b4 a5 14. b5 Ne7 15. Qb3 Qd7 $132 {Erwich,M-Woudsma,M/Dieren
op 1998}) 12. b3 c6 13. Re1 Re8 14. Qd2 Bg6 15. Bd3 Nf5 16. Bf4 Rxe1+ 17. Rxe1
Qd7 $13 {Huibers,P-Harzevoort,M/Lost Boys open 1998}) 9... N8d7 10. Be2 Bf6 11.
O-O Re8 12. Rc1 Bg6 (12... a6 13. b4 $6 Ne5 14. Nxe5 Bxe5 15. Qd2 Qh4 16. g3
Qf6 17. Rfd1 Qg6 $13 {Dabrowska,K-Ferenc,J/MK Cafe op 1998}) 13. Qd2 Nc5 (13...
Ne5 $6 14. Nxe5 Bxe5 15. f4 Bxc3 16. Rxc3 Be4 17. f5 Nd7 18. Bd4 $14 {[%csl
Rg8][%cal Gc3g3,Gd2h6]}) 14. b4 Ne4 15. Nxe4 Bxe4 16. Nd4 Nd7 $6 {A careless
move after which black faces certain problems} (16... Qd7 17. Rfe1 (17. Nb3 c6
18. dxc6 bxc6 19. c5 Nd5 20. cxd6 Qxd6 $11) 17... Re7 18. Bf1 Rae8 $13) 17.
Rfe1 a6 18. Bf1 Re7 19. Nb3 $1 $14 {[%csl Rb7][%cal Gb3a5]} Qf8 20. Na5 b6 21.
Nc6 Ree8 22. Bd4 $5 Bf5 (22... a5 23. bxa5 bxa5 24. Bxf6 Nxf6 25. Nxa5 $16) 23.
Qf4 Bg6 24. Qg4 $5 {Forcing the exchanges which lead to increasing of white's
advantage.} Ne5 (24... Bxd4 25. Qxd7 $1 $16 {[%csl Rc7]} (25. Qxd4 Rxe1 26.
Rxe1 Re8 27. Qc3 Re4 28. Rxe4 Bxe4 29. f3 Bg6 30. Qe3 $14) 25... Bb2 26. Rcd1
Bc2 $2 27. Rxe8 Qxe8 28. Qxe8+ Rxe8 29. Rd2 $18) 25. Bxe5 Bxe5 (25... dxe5 26.
Red1 Be7 27. c5 bxc5 28. Nxe7+ Qxe7 29. bxc5 $14) 26. Nxe5 Rxe5 $6 (26... dxe5)
27. Rxe5 dxe5 28. c5 bxc5 (28... h5 29. Qd7 Qd8 30. Qxd8+ Rxd8 31. d6 cxd6 32.
cxb6 $18 {[%csl Ra6]}) 29. bxc5 Qd8 (29... Rd8 30. d6 $1 cxd6 31. c6 f5 32. Qg5
Ra8 33. c7 Qc8 34. Qe7 $1 $16) 30. d6 cxd6 (30... h5 31. Qd1 cxd6 32. cxd6 $16
{[%cal Gd6d7,Gd1d6]}) 31. cxd6 Qxd6 32. Rc8+ Rxc8 33. Qxc8+ Qf8 34. Qxa6 $1 $18
{[%cal Ga2a6] The passed pawn decides the game in whites favour.} h5 35. a4 Qb4
36. a5 Qe1 37. Qb5 e4 38. a6 e3 39. Qe8+ $1 Kh7 40. Qxe3 Qa1 41. h4 Bf5 42. a7
1-0

[Event "RUS-Cup06"]
[Site "Nizhnij Novgorod"]
[Date "1998.07.07"]
[Round "9"]
[White "Yagupov, Igor"]
[Black "Krivonogov, Alexander"]
[Result "1/2-1/2"]
[WhiteElo "2450"]
[BlackElo "2315"]
[Annotator "Finkel,A"]
[PlyCount "121"]
[EventDate "1998.06.29"]
[EventType "swiss"]
[EventRounds "9"]
[EventCountry "RUS"]
[SourceTitle "EXT 2000"]
[Source "ChessBase"]
[SourceDate "1999.11.16"]
[SourceVersion "1"]
[SourceVersionDate "1999.11.16"]
[SourceQuality "1"]

1. e4 Nf6 2. e5 Nd5 3. d4 d6 4. c4 Nb6 5. exd6 exd6 6. Nc3 g6 7. h3 (7. h4 $5
Qe7+ 8. Qe2 Qxe2+ 9. Bxe2 Bg7 10. Be3 Be6 11. d5 Bd7 12. O-O-O $14 {Popovic,
M-Castelfranchi,C/Budapest FS10 IM 1996/1-0 (47)}) (7. Nf3 Bg4 8. h3 Bxf3 (8...
Qe7+ 9. Be3 Bxf3 10. Qxf3 Nc6 11. Be2 Bg7 12. Rd1 Rd8 13. O-O $14 {Kienast,
J-Lippert/FRG-chTJ 1989 (36)}) 9. Qxf3 Bg7 $2 10. c5 $1 dxc5 11. dxc5 N6d7 12.
Qxb7 Bxc3+ 13. bxc3 Qf6 14. Qe4+ $16 {Kaminski,M-Oliwa,M/POL-ch 1996 (21)}) (7.
Be3 $5 Bg7 8. Rc1 Nc6 9. b3 O-O 10. Be2 Re8 11. Nf3 Bg4 12. O-O $14 {Koba,
I-Vlasikhin,M/RUS-sf 1995 (29)}) 7... Bg7 8. Nf3 O-O 9. Be2 Nc6 10. O-O h6 (
10... Bf5 11. Bg5 $5 Bf6 12. Bh6 Re8 13. Bd3 Bxd3 14. Qxd3 $14 {Goulenok,
E-Wildschut,R/Paris-ch 1990 (27)}) 11. Be3 (11. b3 $5 Re8 12. Bb2 Bf5 13. d5
Ne7 14. Qd2 $14) 11... Kh7 12. b3 f5 (12... d5 13. c5 (13. Qd2 Be6 14. c5 Nd7
15. Bf4) 13... Nd7 14. Nxd5 Nxc5 15. Bxh6 $1 Qxd5 (15... Kxh6 16. Qc1+ Kh7 17.
Qxc5 Be6 18. Bc4 $16) 16. Bxg7 Kxg7 17. dxc5 Qxc5 18. Rc1 $14) 13. Bc1 $5 a5 $6
{The opening of a-file turns out to be in white's favour.} 14. Bb2 a4 15. Rc1
$5 axb3 16. axb3 f4 {Securing square e5 for the knight.} 17. d5 Ne5 18. Qd2 Bf5
19. Ra1 Rxa1 20. Rxa1 Nbd7 21. Nb5 $5 Nxf3+ 22. Bxf3 Ne5 $6 {Mistake
permitting white to seize the initiative.Better was} (22... Bxb2 23. Qxb2 Ne5
24. Qc3 Bd3 25. Nd4 Qf6 $132 {with unclear position.}) 23. Bxe5 $1 $14 Bxe5 24.
Ra7 Bc8 $6 (24... Qb8 25. Qa5 Rc8 26. b4 $14 {[%cal Gc4c6]}) 25. Qa5 $16 {
[%csl Rc7]} c5 (25... Rf7 $2 26. Ra8 $18 {[%cal Ga8d8]}) 26. dxc6 Qxa5 27. Rxa5
bxc6 28. Ra7+ Kh8 29. Bxc6 Bf5 30. Ra8 $6 ({It was better to keep the rooks on
the board.} 30. Bd5 $5 Re8 31. b4) 30... Rxa8 31. Bxa8 Kg7 32. Bd5 Kf6 33. Kf1
$2 {Missing the win.After correct} (33. b4 $5 Bd7 34. Nc7 Bd4 35. b5 Ke7 (35...
Ke5 36. Kf1) 36. Kf1 Kd8 37. Na6 g5 38. Ke2 $16 {white should overcome black's
resistance.}) 33... Bd3+ 34. Kg1 (34. Ke1 Bc2 35. b4 Ba4 36. Ke2 Bxb5 37. cxb5
Bd4 $11) 34... Ke7 35. f3 (35. b4 Kd7 36. Na7 Bd4 37. Nc6 Bxc4 $11) 35... Bc2
36. b4 Kd7 37. Be4 (37. Kf2 Ba4 38. Na3 Bc3 39. b5 Bb4 40. Nb1 Bc2 41. Be4 Bxb1
42. Bxb1 g5 43. Ke2 Bc5 44. Bf5+ $14) 37... Bb3 38. Bd3 Bb2 $1 $11 {White
can't prevent Ba4 after which the draw is not far away.} 39. Kf1 Ba4 40. Na7
Bd4 41. c5 dxc5 42. Bb5+ Bxb5+ 43. Nxb5 Be5 (43... Be3) 44. bxc5 Kc6 45. Na3
Kxc5 {The rest is not very interesting;neither side doesn't have any chanse to
win,but they keep on playing for nearly 20 moves!} 46. Ke2 Bb2 47. Nb1 Kd4 48.
Nd2 Ba3 49. Nb3+ Kc4 50. Na5+ Kb5 51. Nb3 Kc4 52. Nd2+ Kd4 53. Ne4 Be7 54. Nf2
h5 55. Ne4 Kc4 56. Nf2 Kd4 57. Nd3 Bd6 58. Kd2 Kc4 59. Nc1 Bb4+ 60. Ke2 Bd6 61.
Nd3 1/2-1/2

[Event "Zalaegerszeg"]
[Site "Zalaegerszeg"]
[Date "2004.04.25"]
[Round "2"]
[White "Pavasovic, Dusko"]
[Black "Varga, Zoltan"]
[Result "1/2-1/2"]
[WhiteElo "2591"]
[BlackElo "2564"]
[Annotator "Finkel,A"]
[PlyCount "122"]
[EventDate "2004.04.24"]
[EventType "tourn"]
[EventRounds "9"]
[EventCountry "HUN"]
[EventCategory "13"]
[SourceTitle "CBM 101"]
[Source "ChessBase"]
[SourceDate "2004.07.27"]
[SourceVersion "1"]
[SourceVersionDate "2004.07.27"]
[SourceQuality "1"]

1. e4 Nf6 2. e5 Nd5 3. c4 Nb6 4. d4 d6 5. exd6 exd6 6. Nc3 Be7 7. h3 (7. Bd3
Nc6 8. Nge2 Bf6 9. O-O) 7... O-O 8. Nf3 c5 $6 {This move doesn't make much
sense since white gets very easy play on the kingside.} 9. d5 (9. Be2 cxd4 10.
Nxd4 d5 11. cxd5 Nxd5 12. O-O Nxc3 13. bxc3 Nc6 $6 (13... Bc5 14. Rb1 Nc6 15.
Nxc6 bxc6 16. Qxd8 Rxd8 17. Bg5 Bf5 $11 {Kengis,E-Baburin,A/Germany 2000}) (
13... Qa5 14. Qc2 Nc6 15. Bd3 g6 16. Rb1 Bf6 17. Be3 Rd8 18. Nxc6 bxc6 19. Be4
Be6 $13 {Saltaev,M-Loeffler,S/Berlin 2000}) 14. Nxc6 bxc6 15. Qa4 Bf5 16. Bf3
Qb6 17. Be3 Bc5 18. Bxc5 Qxc5 19. Bxc6 $14 {Fercec,N-Leventic,I/Pula 1999})
9... Bf6 (9... Re8 10. Bd3 (10. Be2 Bf6 11. O-O Bf5 12. Bf4 (12. Bd3 Bxd3 13.
Qxd3 N8d7 14. Bf4 Ne5 15. Nxe5 Bxe5 16. Bxe5 Rxe5 17. f4 $36 {Wach,M-Loeffler,
S/Austria 2001}) 12... Bxc3 13. bxc3 Qf6 14. Qd2 h6 15. a4 Re4 16. Bg3 Nxc4 17.
Qa2 Nb6 18. c4 Na6 19. Rab1 Nb4 $13 {Sermek,D-Loeffler,S/Bled 2000}) 10... Bg5+
11. Ne2 Bxc1 12. Rxc1 Qf6 13. Qc2 Na6 14. a3 g6 $11 {Biti,O-Zelcic,R/Umag 2000}
) 10. Bd3 {At the earlier games white had tried 9.Be2, but it's obvious that
the bishop is far more active on d3.} (10. Be2 Bxc3+ 11. bxc3 Qf6 12. O-O h6 (
12... Re8 13. Bg5 Qg6 14. Qd2 h6 15. Bd3 Bf5 16. Nh4 $16 {Tischbierek,
R-Loeffler,S/Austria 1999}) 13. g4 Re8 14. a4 Bd7 15. Be3 Qxc3 16. Rc1 Qb4 17.
Qd3 Nxa4 18. Rb1 Qc3 19. Rxb7 $44 {Rowson,J-Crouch,C/Marymass 1999}) 10... Re8+
11. Be3 (11. Ne2 N6d7 12. Qc2 Nf8 13. O-O Nbd7 14. Bd2 Ne5 15. Nxe5 Bxe5 16.
Rae1 (16. f4 $5) 16... Bd7 17. Ng3 a6 18. Bc3 Qf6 {1/2-1/2 Biti,O-Leventic,I/
Bosnjaci 2000}) 11... Bxc3+ (11... Bd4 12. O-O Bxe3 13. fxe3 h6 14. Qd2 Qe7 15.
Rae1 N8d7 16. Qf2 $36 {Biti,O-Saric,A/Kastav 2001}) 12. bxc3 Qf6 13. Qc2 h6 14.
a4 Na6 $6 {[%csl Ra6] A very strange move! The knight has absolutely nothing
to do neither on a6 nor on c7.} (14... N6d7 15. O-O Ne5 16. Nxe5 Rxe5 17. a5
Nd7 18. Rfe1 $14) 15. Rb1 Rb8 16. a5 Nd7 17. O-O Ne5 18. Nxe5 Rxe5 19. Qd2 Nc7
(19... Bf5 $2 20. Bxf5 Rxf5 21. f4 $16 {[%csl Rf5][%cal Gg2g4]}) 20. Bf4 (20.
f4 Re8 21. g4 (21. f5 b5 22. axb6 Rxb6 23. Rxb6 axb6 24. g4 b5 $132) 21... Qh4
22. Rf3 $14) 20... Re7 21. Bc2 {[%cal Gd2d3]} Kf8 22. g4 (22. Rfe1 Rxe1+ 23.
Rxe1 Bd7 24. Qd3 Re8 25. Be3 $16) 22... Bd7 23. Bg3 b5 24. axb6 axb6 25. Qf4 $2
{White is tempted to win a pawn on b6, but by doing so he deprives himself
winning chances. After correct} (25. f4 $1 {[%csl Rf6][%cal Gg4g5] I find it
hard to believe black would've managed to squeeze a half point!} Ree8 26. g5
Qd8 27. gxh6 $16) 25... Qxf4 26. Bxf4 Ne8 27. Rb2 Bc8 28. Rfb1 Reb7 29. Ba4 Bd7
30. Bc6 (30. Bxd7 Rxd7 31. Rxb6 Rxb6 32. Rxb6 Ke7 $14) 30... Bxc6 31. dxc6 Rc7
32. Rxb6 Rbc8 33. Rd1 Ke7 34. Re1+ Kd8 35. Rb2 Re7 (35... Rxc6 36. Rbe2 Nf6 37.
Re7 R8c7 38. Rxc7 Kxc7 39. Re7+ Kd8 40. Rxf7 Rc7 41. Rf8+ (41. Rxc7 Kxc7 $11 {
[%csl Rc4]}) 41... Ke7 42. Ra8 Rb7 $14) 36. Rxe7 Kxe7 37. Rb7+ Ke6 38. Rb6 Nc7
39. Kg2 Na8 40. Ra6 Nc7 41. Ra1 Ke7 42. Ra7 (42. Kf3 Ra8 43. Rxa8 Nxa8 44. Ke4
Nb6 45. Kd3 Nc8 $11) 42... Ke6 43. h4 Ne8 44. Ra6 Rc7 45. h5 Nf6 46. f3 Ng8 $1
$11 {[%cal Gg8e7]} 47. Ra8 Nf6 48. Ra6 Ng8 49. Rb6 Ne7 50. Rb7 Rxc6 51. Bg3 Ra6
52. f4 Ra2+ 53. Kf3 f5 54. g5 Rc2 55. gxh6 Rxc3+ 56. Kg2 gxh6 57. Bh4 Rc2+ 58.
Kg3 Rc3+ 59. Kg2 Rc2+ 60. Kg3 Rc3+ 61. Kg2 Rc2+ 1/2-1/2